Arabia saudita: petróleo y modernidad/ por Doris Musalem. (Record no. 139681)

MARC details
000 -CABECERA
campo de control de longitud fija 00687nam a2200205 a 4500
005 - FECHA Y HORA DE LA ÚLTIMA TRANSACCIÓN
campo de control 20210219160537.0
008 - ELEMENTOS DE LONGITUD FIJA--INFORMACIÓN GENERAL
campo de control de longitud fija 081110s2000 mx r 000 0 spa d
020 ## - NÚMERO INTERNACIONAL NORMALIZADO PARA LIBROS
Número Internacional Estándar del Libro 9688376434
035 ## - NÚMERO DE CONTROL DEL SISTEMA
Número de control de sistema UPN01000167570
049 ## - COLECCIÓN
Colección UNE
080 ## - NÚMERO DE CLASIFICACIÓN DECIMAL UNIVERSAL
Número de la Clasificación Decimal Universal 338: 622.323 (532) MUS No.19.
100 1# - ASIENTO PRINCIPAL--NOMBRE PERSONAL
Nombre de persona Musalem, Doris
245 10 - MENCIÓN DE TÍTULO
Título Arabia saudita: petróleo y modernidad/ por Doris Musalem.
260 ## - PUBLICACIÓN, DISTRIBUCIÓN, ETC.
Lugar de publicación, distribución, etc. México : UNAM. Coordinación de Humanidades, 1986.
300 ## - DESCRIPCIÓN FÍSICA
Extensión 27 p.; 21 cm. map.
440 #0 - MENCIÓN DE SERIE/ASIENTO SECUNDARIO--TÍTULO
Título Grandes tendencias políticas contemporáneas; 19
690 ## - PUNTO DE ACCESO ADICIONAL DE MATERIA LOCAL--TÉRMINO DE MATERIA (OCLC, RLIN)
Término de materia o nombre geográfico como elemento inicial Crecimiento economico- Petroleo- Arabia Saudita
690 ## - PUNTO DE ACCESO ADICIONAL DE MATERIA LOCAL--TÉRMINO DE MATERIA (OCLC, RLIN)
Término de materia o nombre geográfico como elemento inicial Desarrollo economico y social- Arabia Saudita
905 ## - TIPO DE MATERIAL
Tipo de material UNESCO

No items available.